000 00351nam a2200133Ia 4500
005 20251222143200.0
008 251222s9999||||xx |||||||||||||| ||spa||
020 _a99721-753-89-1
082 _a516.36/V46
100 _aVentura Araujo, Paulo
245 0 _aGeometría Diferencial
264 _bInstituto de Matemática y Ciencias Afines
942 _cLIB
999 _c13019
_d13019